000 00279nam a2200109Ia 4500
008 231107s1992 xx 000 0 und d
041 _aeng
082 _a720.284
100 _aGarcia,Nicolas
245 _aLearning Architectural Drafting
260 _aCanada
_bDelmar Learning
_c1992
999 _c921800
_d921800